[Event "CP-2012-P-00013"]
[Site "LSS email"]
[Date "2012.10.01"]
[Round "?"]
[White "Do Amaral, Rogerio Einloft"]
[Black "Schild, Reinhard"]
[Result "0-1"]
[WhiteElo "1802"]
[BlackElo "2054"]
[PlyCount "54"]
[EventDate "2012.10.05"]
[EventType "tourn (corr)"]
[EventRounds "6"]
[EventCountry "GER"]
[SourceTitle "Telechess CBM 159"]
[Source "ChessBase"]
[SourceDate "2014.03.17"]
[SourceVersion "1"]
[SourceVersionDate "2014.03.17"]
[SourceQuality "1"]

1. e4 c5 2. Nf3 Nc6 3. d4 cxd4 4. Nxd4 Nf6 5. Nc3 e5 6. Ndb5 d6 7. Bg5 a6 8. Na3 b5 9. Nd5 Be7 10. Bxf6 Bxf6 11. c4 b4 12. Nc2 0-0 13. Be2 Bg5 14. 0-0 Be6 15. Ncxb4 Nxb4 16. Nxb4 Qb6 17. Nd5 Qxb2 18. Qd3 Rab8 19. Rfb1 Qd4 20. Qxd4 exd4 21. Rb3 Rfc8 22. Kf1 Kf8 23. Bd3 h6 24. Nb6 Re8 25. Rab1 Rb7 26. Nd5 Rxb3 27. Rxb3 a5 0-1

[Event "SB-2012-0-00243"]
[Site "LSS email"]
[Date "2012.08.08"]
[Round "?"]
[White "Do Amaral, Rogerio Einloft"]
[Black "Wisham, Clyde"]
[Result "0-1"]
[WhiteElo "1802"]
[BlackElo "1824"]
[PlyCount "56"]
[EventDate "2012.07.19"]
[EventType "tourn (corr)"]
[EventRounds "6"]
[EventCountry "GER"]
[SourceTitle "Telechess CBM 159"]
[Source "ChessBase"]
[SourceDate "2014.03.17"]
[SourceVersion "1"]
[SourceVersionDate "2014.03.17"]
[SourceQuality "1"]

1. e4 e6 2. d4 d5 3. e5 b6 4. c3 Qd7 5. Nf3 Ne7 6. Bd3 c5 7. 0-0 Ba6 8. Bxa6 Nxa6 9. Qe2 Nb8 10. Na3 cxd4 11. Nxd4 Ng6 12. Nac2 Bc5 13. b4 Bxd4 14. cxd4 0-0 15. Bb2 Qa4 16. Rfc1 Nc6 17. a3 Rfc8 18. Ne1 Nce7 19. Qd3 a5 20. Qd2 Rc4 21. bxa5 Qxa5 22. Bc3 Qa7 23. g3 Nf5 24. Nf3 Rac8 25. Qb2 Qc7 26. Bd2 Qc6 27. Rab1 b5 28. Qb3 Qd7 0-1

[Event "BI-2012-P-00015"]
[Site "LSS email"]
[Date "2012.04.20"]
[Round "?"]
[White "Do Amaral, Rogerio Einloft"]
[Black "Ausan, Leo Tito Jr"]
[Result "1-0"]
[WhiteElo "1802"]
[BlackElo "1058"]
[PlyCount "69"]
[EventDate "2012.04.22"]
[EventType "tourn (corr)"]
[EventRounds "10"]
[EventCountry "GER"]
[SourceTitle "Telechess CBM 159"]
[Source "ChessBase"]
[SourceDate "2014.03.17"]
[SourceVersion "1"]
[SourceVersionDate "2014.03.17"]
[SourceQuality "1"]

1. e4 e5 2. Nf3 Nc6 3. Bb5 a6 4. Ba4 Nf6 5. 0-0 b5 6. Bb3 Be7 7. Re1 d6 8. h3 0-0 9. c3 Nd7 10. d4 Bf6 11. a4 Bb7 12. Na3 bxa4 13. Bxa4 Nb6 14. d5 Ne7 15. Bc2 Ng6 16. Qd3 Qe7 17. Nc4 Nxc4 18. Qxc4 Rfc8 19. Ba4 Qd8 20. b4 Ne7 21. Bb3 Ng6 22. Qf1 c6 23. dxc6 Bxc6 24. Rxa6 Rxa6 25. Qxa6 Qd7 26. Qd3 h6 27. c4 Nf8 28. b5 Bb7 29. Ba3 Be7 30. Nxe5 Qe6 31. Nxf7 Rc5 32. Bxc5 dxc5 33. Nd8 Bxd8 34. Qxd8 Kh7 35. Qxf8 1-0

[Event "BI-2012-P-00015"]
[Site "LSS email"]
[Date "2012.04.20"]
[Round "?"]
[White "Do Amaral, Rogerio Einloft"]
[Black "Lombart, Philippe"]
[Result "0-1"]
[WhiteElo "1802"]
[BlackElo "1807"]
[PlyCount "112"]
[EventDate "2012.04.22"]
[EventType "tourn (corr)"]
[EventRounds "10"]
[EventCountry "GER"]
[SourceTitle "Telechess CBM 159"]
[Source "ChessBase"]
[SourceDate "2014.03.17"]
[SourceVersion "1"]
[SourceVersionDate "2014.03.17"]
[SourceQuality "1"]

1. e4 e5 2. Nf3 Nc6 3. Bb5 a6 4. Ba4 Nf6 5. 0-0 Nxe4 6. d4 b5 7. Bb3 d5 8. dxe5 Be6 9. c3 Bc5 10. Nbd2 0-0 11. Bc2 f5 12. Nb3 Bb6 13. Nfd4 Nxd4 14. Nxd4 Bxd4 15. cxd4 f4 16. f3 Ng3 17. Rf2 Qh4 18. Bd2 a5 19. Bd3 Bd7 20. Qc2 c6 21. Qc5 Rae8 22. Bxa5 Re6 23. h3 Rh6 24. Bb4 Re8 25. Re1 Qd8 26. b3 Bc8 27. Bb1 Bf5 28. Rb2 Bxb1 29. Rexb1 Rg6 30. a4 Nf5 31. axb5 Qd7 32. Rf2 cxb5 33. Rc1 h5 34. Bd2 Rf8 35. Kh2 Nh4 36. Qc3 Qf5 37. Rg1 Ra6 38. Qc5 Qd7 39. Qc2 Qf5 40. Rc1 Qxc2 41. Rxc2 Nf5 42. Rc5 Nxd4 43. Rxd5 Nxb3 44. Rxb5 Nxd2 45. Rxd2 Re8 46. h4 Rae6 47. Re2 Kh7 48. g3 Rf8 49. Rd5 fxg3+ 50. Kxg3 Kg6 51. Rg2 Kh6 52. Rd6 Rxd6 53. exd6 Rd8 54. Rd2 Kg6 55. Kf4 Kf6 56. d7 g6 0-1

[Event "BI-2011-F-00011"]
[Site "LSS email"]
[Date "2012.02.12"]
[Round "?"]
[White "Do Amaral, Rogerio Einloft"]
[Black "Paluch, Andrzej"]
[Result "0-1"]
[WhiteElo "1865"]
[BlackElo "1848"]
[PlyCount "92"]
[EventDate "2012.02.15"]
[EventType "tourn (corr)"]
[EventRounds "10"]
[EventCountry "GER"]
[SourceTitle "Telechess CBM 153"]
[Source "ChessBase"]
[SourceDate "2013.03.14"]
[SourceVersion "1"]
[SourceVersionDate "2013.03.14"]
[SourceQuality "1"]

1. e4 c5 2. Nf3 d6 3. d4 cxd4 4. Nxd4 Nf6 5. Nc3 a6 6. Bc4 e6 7. 0-0 b5 8. Bb3 Be7 9. Qf3 Qc7 10. Qg3 Nc6 11. Nxc6 Qxc6 12. Re1 Bb7 13. a3 Qc5 14. Be3 Qh5 15. f3 0-0 16. Rad1 Nd7 17. Ne2 Ne5 18. Bd4 Rac8 19. f4 Ng4 20. h3 Nf6 21. Nc3 Rfe8 22. Kh2 Qg6 23. Qxg6 hxg6 24. Re2 Nd7 25. Kg3 Bd8 26. Bf2 Nc5 27. Rxd6 Ba5 28. Bxc5 Rxc5 29. Rd3 g5 30. h4 gxf4+ 31. Kxf4 Bc7+ 32. Kf3 g5 33. g3 gxh4 34. gxh4 Kf8 35. Red2 Bc6 36. a4 Rh5 37. Kg4 Rh6 38. axb5 axb5 39. Kh3 Ra8 40. Re2 b4 41. Na2 Bb5 42. Nxb4 Ra1 43. c4 Rg6 44. e5 Rh1+ 45. Rh2 Rhg1 46. cxb5 Bxe5 0-1

[Event "RB-2011-0-00159"]
[Site "LSS email"]
[Date "2011.12.29"]
[Round "?"]
[White "Obukhov, Gennady Nikolaevich"]
[Black "Do Amaral, Rogerio Einloft"]
[Result "1/2-1/2"]
[WhiteElo "1895"]
[BlackElo "1878"]
[PlyCount "47"]
[EventDate "2011.12.11"]
[EventType "tourn (corr)"]
[EventRounds "6"]
[EventCountry "GER"]
[SourceTitle "Telechess CBM 155"]
[Source "ChessBase"]
[SourceDate "2013.07.16"]
[SourceVersion "1"]
[SourceVersionDate "2013.07.16"]
[SourceQuality "1"]

1. d4 Nf6 2. Bg5 Ne4 3. Bh4 g5 4. f3 gxh4 5. fxe4 c5 6. e3 Bh6 7. Kf2 cxd4 8. exd4 Nc6 9. Nf3 d6 10. Nc3 Bg4 11. Bb5 a6 12. Bxc6+ bxc6 13. Qd3 h3 14. Rag1 Qc8 15. gxh3 Bxh3 16. Nh4 c5 17. Nd5 Rb8 18. Rg3 Be6 19. Nf5 c4 20. Qf3 Rxb2 21. Nf6+ Kf8 22. Qh5 Rxc2+ 23. Kg1 Rc1+ 24. Kf2 1/2-1/2

[Event "SB-2011-0-00196"]
[Site "LSS email"]
[Date "2011.12.10"]
[Round "?"]
[White "Herzog, Klaus"]
[Black "Do Amaral, Rogerio Einloft"]
[Result "1-0"]
[WhiteElo "1841"]
[BlackElo "1878"]
[PlyCount "71"]
[EventDate "2011.11.16"]
[EventType "tourn (corr)"]
[EventRounds "6"]
[EventCountry "GER"]
[SourceTitle "Telechess CBM 155"]
[Source "ChessBase"]
[SourceDate "2013.07.16"]
[SourceVersion "1"]
[SourceVersionDate "2013.07.16"]
[SourceQuality "1"]

1. e4 c6 2. d4 d5 3. e5 Bf5 4. Nc3 e6 5. g4 Bg6 6. Nge2 Ne7 7. f4 h5 8. f5 exf5 9. g5 c5 10. dxc5 Nbc6 11. a3 a6 12. Nf4 d4 13. Na4 Qc7 14. e6 Rd8 15. Bc4 Ne5 16. Bb3 Qa5+ 17. Bd2 Qb5 18. Kf2 N7c6 19. Re1 Be7 20. Nb6 Qxc5 21. Nbd5 d3+ 22. Kg2 dxc2 23. Qxc2 Qxc2 24. Bxc2 h4 25. Bc3 Bd6 26. h3 Bh5 27. Rf1 fxe6 28. Nxe6 Bf7 29. Ndf4 Bxe6 30. Nxe6 g6 31. Rad1 Rd7 32. Nf4 Kd8 33. Nxg6 Nxg6 34. Bxh8 Nxh8 35. Bxf5 Rg7 36. Rxd6+ 1-0

[Event "SB-2011-0-00196"]
[Site "LSS email"]
[Date "2011.12.10"]
[Round "?"]
[White "Townsend, John"]
[Black "Do Amaral, Rogerio Einloft"]
[Result "0-1"]
[WhiteElo "1750"]
[BlackElo "1878"]
[PlyCount "66"]
[EventDate "2011.11.16"]
[EventType "tourn (corr)"]
[EventRounds "6"]
[EventCountry "GER"]
[SourceTitle "Telechess CBM 153"]
[Source "ChessBase"]
[SourceDate "2013.03.14"]
[SourceVersion "1"]
[SourceVersionDate "2013.03.14"]
[SourceQuality "1"]

1. e4 c6 2. d4 d5 3. e5 Bf5 4. Nf3 e6 5. Be2 Nd7 6. 0-0 h6 7. b3 Bb4 8. c4 Ne7 9. a3 Ba5 10. c5 0-0 11. Nh4 Bh7 12. Bd3 Bc7 13. Bxh7+ Kxh7 14. Qc2+ Kg8 15. f4 b6 16. b4 a5 17. Bb2 axb4 18. axb4 Rxa1 19. Bxa1 g5 20. fxg5 hxg5 21. cxb6 Bxe5 22. Qf2 Bf6 23. Nf3 Qxb6 24. Nxg5 Bxg5 25. Qg3 f6 26. h4 Nf5 27. Rxf5 exf5 28. hxg5 Qxb4 29. Nd2 Qb8 30. Qh4 Qe8 31. Qg3 f4 32. Qxf4 Qe1+ 33. Kh2 Kf7 0-1

[Event "RB-2011-0-00129"]
[Site "LSS email"]
[Date "2011.08.24"]
[Round "?"]
[White "Do Amaral, Rogerio Einloft"]
[Black "Le Duigou, Jean Guy"]
[Result "1/2-1/2"]
[WhiteElo "1905"]
[BlackElo "1912"]
[PlyCount "69"]
[EventDate "2011.08.01"]
[EventType "tourn (corr)"]
[EventRounds "6"]
[EventCountry "GER"]
[SourceTitle "Telechess CBM 157"]
[Source "ChessBase"]
[SourceDate "2013.11.12"]
[SourceVersion "1"]
[SourceVersionDate "2013.11.12"]
[SourceQuality "1"]

1. e4 e6 2. d4 d5 3. e5 c5 4. Nf3 cxd4 5. Nxd4 Nc6 6. Nxc6 bxc6 7. Bd3 Qc7 8. Qe2 Ne7 9. 0-0 Ng6 10. f4 Be7 11. Nd2 0-0 12. Nf3 Qb6+ 13. Kh1 c5 14. b3 Bb7 15. Bd2 a5 16. a4 Rfd8 17. Qe1 Nf8 18. Rb1 Qc7 19. Qe2 Nd7 20. Rfd1 Nb6 21. Qe1 Nd7 22. Bb5 Nb8 23. c3 Nc6 24. Be3 Ba6 25. f5 exf5 26. e6 f6 27. Bf4 Qxf4 28. Bxc6 Rab8 29. Bxd5 g6 30. c4 Rb4 31. Rd3 Qc7 32. Qe3 Kg7 33. Rbd1 Bc8 34. Qd2 Rd6 35. Qe3 1/2-1/2

[Event "RB-2011-0-00129"]
[Site "LSS email"]
[Date "2011.08.24"]
[Round "?"]
[White "Janosi, Ervin"]
[Black "Do Amaral, Rogerio Einloft"]
[Result "1-0"]
[WhiteElo "2120"]
[BlackElo "1905"]
[PlyCount "95"]
[EventDate "2011.08.01"]
[EventType "tourn (corr)"]
[EventRounds "6"]
[EventCountry "GER"]
[SourceTitle "Telechess CBM 157"]
[Source "ChessBase"]
[SourceDate "2013.11.12"]
[SourceVersion "1"]
[SourceVersionDate "2013.11.12"]
[SourceQuality "1"]

1. e4 c6 2. Nf3 d5 3. Nc3 Bg4 4. h3 Bxf3 5. Qxf3 e6 6. d4 dxe4 7. Qxe4 Nf6 8. Qd3 Nbd7 9. g3 Qc7 10. Bg2 0-0-0 11. 0-0 Ne5 12. Qd1 Ng6 13. Ne2 h5 14. h4 Ng4 15. c3 Be7 16. Be4 f5 17. Qb3 Kb8 18. Bd3 Bf6 19. Qxe6 Nxh4 20. Bf4 Be5 21. dxe5 Nf3+ 22. Kg2 g5 23. Kxf3 gxf4 24. Nxf4 Nxe5+ 25. Kg2 Nxd3 26. Nxd3 Rxd3 27. Rad1 Rdd8 28. Rxd8+ Rxd8 29. Qxf5 h4 30. g4 h3+ 31. Kh1 Rd5 32. Qf8+ Rd8 33. Qf6 Rg8 34. Rd1 Qc8 35. g5 Qe8 36. Kh2 a6 37. b4 Ka7 38. Rd3 Ka8 39. g6 Rf8 40. Re3 Qc8 41. Qe6 Qb8+ 42. Qe5 Rxf2+ 43. Kxh3 Qc8+ 44. Kg3 Rf8 45. g7 Rg8 46. Rf3 Qd8 47. Rf7 Ka7 48. Qc5+ 1-0

[Event "RB-2011-0-00120"]
[Site "LSS email"]
[Date "2011.06.30"]
[Round "?"]
[White "Bergmann, Paulo Fernando Brit"]
[Black "Do Amaral, Rogerio Einloft"]
[Result "1/2-1/2"]
[WhiteElo "1950"]
[BlackElo "1879"]
[PlyCount "65"]
[EventDate "2011.06.08"]
[EventType "tourn (corr)"]
[EventRounds "6"]
[EventCountry "GER"]
[SourceTitle "Telechess CBM 151"]
[Source "ChessBase"]
[SourceDate "2012.11.13"]
[SourceVersion "1"]
[SourceVersionDate "2012.11.13"]
[SourceQuality "1"]

1. d4 Nf6 2. c4 e6 3. g3 d5 4. Bg2 Nc6 5. Nf3 dxc4 6. Qa4 Bb4+ 7. Bd2 Nd5 8. Bxb4 Ndxb4 9. a3 b5 10. Qxb5 Nc2+ 11. Kd2 Bd7 12. Kxc2 Nxd4+ 13. Nxd4 Bxb5 14. Nxb5 Rb8 15. Bc6+ Kf8 16. Rd1 Qe7 17. N1c3 Qc5 18. Bf3 g6 19. Nd4 Kg7 20. Rab1 Rhd8 21. e3 h5 22. Be2 e5 23. Nf3 Rxd1 24. Kxd1 Qb6 25. Bxc4 Qc6 26. Be2 Rd8+ 27. Ke1 Qb7 28. Nxe5 Qh1+ 29. Bf1 Qxh2 30. Nf3 Qh1 31. Ke2 Rd6 32. e4 Rf6 33. Nh4 1/2-1/2

[Event "BI-2011-P-00029"]
[Site "LSS email"]
[Date "2011.04.17"]
[Round "?"]
[White "Bacino, Gustavo"]
[Black "Do Amaral, Rogerio Einloft"]
[Result "1/2-1/2"]
[WhiteElo "2076"]
[BlackElo "1887"]
[PlyCount "78"]
[EventDate "2011.04.20"]
[EventType "tourn (corr)"]
[EventRounds "10"]
[EventCountry "GER"]
[SourceTitle "Telechess CBM 155"]
[Source "ChessBase"]
[SourceDate "2013.07.16"]
[SourceVersion "1"]
[SourceVersionDate "2013.07.16"]
[SourceQuality "1"]

1. e4 c6 2. d3 d5 3. Nd2 g6 4. Ngf3 Bg7 5. g3 e5 6. Bg2 Ne7 7. 0-0 0-0 8. b4 a5 9. bxa5 Qxa5 10. Bb2 d4 11. a4 c5 12. Nc4 Qc7 13. c3 Be6 14. Qb3 Nec6 15. Ng5 Bxc4 16. Qxc4 Qe7 17. Nf3 Na6 18. cxd4 exd4 19. Bc1 Nab4 20. Bg5 Qd6 21. Bh3 Ra6 22. Rfc1 Rfa8 23. Qxc5 Qxc5 24. Rxc5 h6 25. Bd2 Nxd3 26. Rb5 Rxa4 27. Rxa4 Rxa4 28. Rxb7 Ra2 29. Bf1 Nce5 30. Nxe5 Nxe5 31. Bf4 Nf3+ 32. Kg2 Ne1+ 33. Kg1 d3 34. Rb8+ Kh7 35. Rd8 Bd4 36. Rxd4 Nf3+ 37. Kg2 Nxd4 38. Bxd3 f6 39. e5 Ra3 1/2-1/2

[Event "BI-2011-P-00029"]
[Site "LSS email"]
[Date "2011.04.17"]
[Round "?"]
[White "Do Amaral, Rogerio Einloft"]
[Black "Markus, Roland"]
[Result "1/2-1/2"]
[WhiteElo "1887"]
[BlackElo "2193"]
[PlyCount "105"]
[EventDate "2011.04.20"]
[EventType "tourn (corr)"]
[EventRounds "10"]
[EventCountry "GER"]
[SourceTitle "Telechess CBM 155"]
[Source "ChessBase"]
[SourceDate "2013.07.16"]
[SourceVersion "1"]
[SourceVersionDate "2013.07.16"]
[SourceQuality "1"]

1. e4 c6 2. d4 d5 3. e5 c5 4. dxc5 Nc6 5. Bb5 e6 6. Be3 Nge7 7. c3 Bd7 8. Bxc6 Bxc6 9. Nf3 Nf5 10. Bd4 Nxd4 11. Qxd4 Qc7 12. Nbd2 Bb5 13. b4 b6 14. Qf4 bxc5 15. c4 dxc4 16. a4 Bc6 17. b5 Bd5 18. 0-0 Be7 19. Nxc4 0-0 20. h3 Qb7 21. Na5 Qd7 22. Nc4 f6 23. Rac1 fxe5 24. Qg3 e4 25. Nfe5 Qe8 26. Rfd1 Rd8 27. Qc3 Bh4 28. Rf1 Qe7 29. Ne3 Qd6 30. Rc2 Bf6 31. N3g4 Be7 32. Ne3 Ba8 33. a5 Qb8 34. Rb2 h5 35. Nc6 Bxc6 36. bxc6 Qd6 37. Rb7 Bf6 38. Qc4 Qxc6 39. Rxa7 Ra8 40. Rxa8 Rxa8 41. Qa2 Bd4 42. Rc1 Bxe3 43. fxe3 Kh7 44. Rc3 Kh6 45. Kh1 Ra7 46. Rc1 Kg6 47. Kg1 Kh7 48. Kh2 g6 49. Kg1 Rc7 50. Qc4 Qd5 51. a6 Qxc4 52. Rxc4 Ra7 53. Rxc5 1/2-1/2

[Event "BI-2011-P-00029"]
[Site "LSS email"]
[Date "2011.04.17"]
[Round "?"]
[White "Do Amaral, Rogerio Einloft"]
[Black "Paluch, Andrzej"]
[Result "1/2-1/2"]
[WhiteElo "1887"]
[BlackElo "1790"]
[PlyCount "93"]
[EventDate "2011.04.20"]
[EventType "tourn (corr)"]
[EventRounds "10"]
[EventCountry "GER"]
[SourceTitle "Telechess CBM 155"]
[Source "ChessBase"]
[SourceDate "2013.07.16"]
[SourceVersion "1"]
[SourceVersionDate "2013.07.16"]
[SourceQuality "1"]

1. e4 e5 2. Nf3 Nc6 3. Bb5 a6 4. Bxc6 dxc6 5. 0-0 f6 6. d4 exd4 7. Nxd4 c5 8. Ne2 Qxd1 9. Rxd1 Bd7 10. Be3 0-0-0 11. Nbc3 Bd6 12. Bf4 Bxf4 13. Nxf4 Ne7 14. f3 f5 15. Nh5 Rhg8 16. Rd3 Nc6 17. Rad1 b6 18. R3d2 fxe4 19. Nxe4 Bf5 20. Rxd8+ Nxd8 21. Nhg3 Bg6 22. Kf2 Nc6 23. c3 Ne5 24. b3 c4 25. Rd5 cxb3 26. axb3 Re8 27. Rd1 Nc6 28. Ke3 Na5 29. Rb1 h6 30. h4 Rd8 31. f4 Bh7 32. h5 Rd5 33. c4 Rd8 34. f5 Kb7 35. Nd2 Nc6 36. Nf3 a5 37. Rb2 Bg8 38. Ne4 Re8 39. Kf4 Nb4 40. Nf2 Ra8 41. Nd4 a4 42. bxa4 Rxa4 43. Ne6 Bxe6 44. fxe6 Nc6 45. Rd2 Rxc4+ 46. Ne4 Kc8 47. Rd5 1/2-1/2

[Event "SB-2011-0-00143"]
[Site "LSS email"]
[Date "2011.04.11"]
[Round "?"]
[White "Do Amaral, Rogerio Einloft"]
[Black "Lombart, Philippe"]
[Result "1-0"]
[WhiteElo "1905"]
[BlackElo "1954"]
[PlyCount "171"]
[EventDate "2011.03.20"]
[EventType "tourn (corr)"]
[EventRounds "6"]
[EventCountry "GER"]
[SourceTitle "Telechess CBM 157"]
[Source "ChessBase"]
[SourceDate "2013.11.12"]
[SourceVersion "1"]
[SourceVersionDate "2013.11.12"]
[SourceQuality "1"]

1. e4 e5 2. Nf3 Nc6 3. Bb5 a6 4. Ba4 Nf6 5. 0-0 Nxe4 6. Re1 Nc5 7. Bxc6 dxc6 8. Nxe5 Be7 9. d4 Ne6 10. Be3 0-0 11. c4 f6 12. Nf3 f5 13. Nc3 f4 14. Bc1 Ng5 15. h3 Bf6 16. d5 cxd5 17. Nxd5 c6 18. Nxf6+ Qxf6 19. Nxg5 Qxg5 20. Qf3 Bd7 21. Bd2 Rad8 22. Bc3 Bf5 23. Rad1 h6 24. a3 Rxd1 25. Rxd1 Bg6 26. Rd6 Qf5 27. Qe2 Qb1+ 28. Kh2 Qf5 29. Qe7 Qf7 30. Qxf7+ Bxf7 31. Rd7 b6 32. Ra7 a5 33. a4 Rc8 34. Rb7 g5 35. Rxb6 Bxc4 36. Bxa5 Ra8 37. Bc3 Rxa4 38. b3 Ra3 39. Rxc6 Bxb3 40. Rxh6 Ra2 41. Kg1 Rc2 42. Be5 Rc1+ 43. Kh2 Rc2 44. f3 Bd5 45. Rg6+ Kh7 46. Rxg5 Bxf3 47. Bxf4 Bc6 48. h4 Rf2 49. Be5 Ra2 50. Kh3 Ra3+ 51. g3 Bd7+ 52. Kg2 Ra2+ 53. Kf3 Bc6+ 54. Ke3 Ra3+ 55. Kd2 Ra2+ 56. Kd3 Bb5+ 57. Kc3 Rh2 58. Kd4 Ra2 59. g4 Ra4+ 60. Ke3 Ra3+ 61. Kd2 Ra2+ 62. Kc3 Be2 63. Rh5+ Kg8 64. Rh8+ Kf7 65. g5 Kg6 66. Bd4 Ra3+ 67. Kb4 Ra6 68. Bf6 Ra7 69. h5+ Kf5 70. Kc5 Bd1 71. Kd4 Rb7 72. h6 Bc2 73. Rc8 Be4 74. Rc5+ Kf4 75. Re5 Bf5 76. Bg7 Ra7 77. Kc4 Ra8 78. Bf6 Ra7 79. Kb5 Rh7 80. Kc6 Kg4 81. Rc5 Bd3 82. Kd6 Bg6 83. Re5 Bc2 84. Re7 Kh5 85. Rxh7 Bxh7 86. Ke7 1-0

[Event "RC-2011-0-00065"]
[Site "LSS email"]
[Date "2011.03.14"]
[Round "?"]
[White "Do Amaral, Rogerio Einloft"]
[Black "Sherwood, Russell"]
[Result "0-1"]
[WhiteElo "1794"]
[BlackElo "1803"]
[PlyCount "82"]
[EventDate "2011.02.19"]
[EventType "tourn (corr)"]
[EventRounds "6"]
[EventCountry "GER"]
[SourceTitle "Telechess CBM 145"]
[Source "Chessbase"]
[SourceDate "2011.11.11"]
[SourceVersion "1"]
[SourceVersionDate "2011.11.11"]
[SourceQuality "1"]

1. e4 c5 2. Nf3 d6 3. d4 cxd4 4. Nxd4 Nf6 5. Nc3 a6 6. Be3 e6 7. Be2 Be7 8. f4 Nc6 9. 0-0 Bd7 10. a4 0-0 11. Nb3 Nb4 12. a5 Rc8 13. Bf3 Bc6 14. Qe2 d5 15. Rad1 Nd7 16. exd5 exd5 17. Rf2 Re8 18. Bxd5 Nxd5 19. Nxd5 Bd6 20. Qd2 Bb8 21. Nb6 Nxb6 22. Bxb6 Qf6 23. Nd4 Be4 24. c3 Qg6 25. Re1 Bd5 26. Rfe2 Rxe2 27. Rxe2 h5 28. b3 Be4 29. c4 h4 30. Qe1 h3 31. g3 Re8 32. Qf1 Re7 33. Qf2 Rd7 34. c5 Bc6 35. Re1 Rxd4 36. Qxd4 Qc2 37. Qf2 Qxb3 38. Re7 g5 39. Qe2 Qd5 40. Kf2 Kf8 41. Ke1 gxf4 0-1

[Event "RC-2011-0-00065"]
[Site "LSS email"]
[Date "2011.03.14"]
[Round "?"]
[White "Lavis, Jon"]
[Black "Do Amaral, Rogerio Einloft"]
[Result "1/2-1/2"]
[WhiteElo "1784"]
[BlackElo "1794"]
[PlyCount "47"]
[EventDate "2011.02.19"]
[EventType "tourn (corr)"]
[EventRounds "6"]
[EventCountry "GER"]
[SourceTitle "Telechess CBM 145"]
[Source "Chessbase"]
[SourceDate "2011.11.11"]
[SourceVersion "1"]
[SourceVersionDate "2011.11.11"]
[SourceQuality "1"]

1. g3 e5 2. c4 Nf6 3. Bg2 Bc5 4. Nc3 Nc6 5. a3 a6 6. e3 0-0 7. Nge2 d6 8. Qc2 a5 9. 0-0 Be6 10. Nd5 Bg4 11. Re1 h6 12. b3 Nxd5 13. cxd5 Ne7 14. d4 exd4 15. Nxd4 Bxd4 16. exd4 Bf5 17. Qc3 b6 18. Bd2 Qd7 19. Rac1 Rac8 20. Qc4 Rfe8 21. Re3 Bh3 22. Be4 Bf5 23. Bf3 Bg4 24. Bg2 1/2-1/2